Confrontation in space /

Bibliographic Details
Main Author: Stine, G. Harry (George Harry), 1928-1997
Format: Book
Language:English
Published: Englewood Cliffs, N.J. : Prentice-Hall, [1981]
Subjects:

MARC

Tag First Indicator Second Indicator Subfields
LEADER 00000pam a2200000 a 4500
001 in00000070330
005 20151008061709.0
008 810429s1981 njuaf b 00110 eng
010 |a  81007346  
020 |a 0131674374 :  |c $12.95 
020 |a 0131674293 (pbk.) :  |c $7.95 
035 |a (OCoLC)07553968 
035 |9 AAJ8626AM 
039 0 |a 2  |b 3  |c 3  |d 3  |e 3 
040 |a DLC  |c DLC  |d TXA  |d UtOrBLW 
049 |a TXAM  |c [985350] 
050 0 0 |a UG1530  |b .S74 
082 0 |a 358/.8  |2 19 
100 1 |a Stine, G. Harry  |q (George Harry),  |d 1928-1997. 
245 1 0 |a Confrontation in space /  |c G. Harry Stine ; introduction by Herman Kahn. 
264 1 |a Englewood Cliffs, N.J. :  |b Prentice-Hall,  |c [1981] 
264 4 |c ©1981 
300 |a xvii, 209 pages, 8 unnumbered pages of plates :  |b illustrations ;  |c 24 cm. 
336 |a text  |b txt  |2 rdacontent 
337 |a unmediated  |b n  |2 rdamedia 
338 |a volume  |b nc  |2 rdacarrier 
500 |a Includes index. 
504 |a Bibliography: pages 199-201. 
650 0 |a Space warfare. 
650 0 |a Space weapons. 
999 |a MARS 
999 f f |s 94d9e73b-0805-3825-ac56-ddc525628b88  |i 7f0f9f4c-a514-3c62-971a-3c5a17343330  |t 0 
952 f f |p ric  |a Texas A&M University  |b Rellis Campus  |c Joint Library Facility  |d Remote Storage  |t 0  |e UG1530 .S74  |h Library of Congress classification  |i unmediated -- volume  |m A14806261449 
998 f f |a UG1530 .S74  |t 0  |l Remote Storage